[Event "Wch Rapid"]
[Site "New York"]
[Date "2024.12.27"]
[Round "7"]
[White "Nogerbek, Kazybek"]
[Black "Robson, Ray"]
[Result "1/2-1/2"]
[WhiteElo "2526"]
[BlackElo "2645"]
[PlyCount "92"]
[EventDate "2024.12.26"]
[EventType "swiss (rapid)"]
[EventRounds "13"]
[EventCountry "USA"]
[SourceTitle "CB01_2025"]
[SourceDate "2025.01.01"]
[SourceVersion "1"]
[SourceVersionDate "2025.01.01"]
[SourceQuality "1"]

1. d4 Nf6 2. c4 e6 3. Nf3 d5 4. Nc3 Bb4 5. Bg5 h6 6. Bxf6 Qxf6 7. e3 0-0 8. Rc1 dxc4 9. Bxc4 c5 10. 0-0 cxd4 11. Nxd4 Bd7 12. Qb3 Nc6 13. Nxc6 Bxc3 14. Rxc3 Bxc6 15. Bb5 Bd5 16. Bc4 Bxc4 17. Rxc4 b6 18. Qc3 Qxc3 19. Rxc3 Rac8 20. Rfc1 Rxc3 21. Rxc3 Rd8 22. g4 Rd2 23. Rc8+ Kh7 24. Rc7 a5 25. Rxf7 Rxb2 26. Rb7 Kg6 27. Kg2 b5 28. a4 Rb4 29. axb5 Rxg4+ 30. Kf3 Rb4 31. b6 Kf6 32. Rb8 a4 33. b7 Kf7 34. Ra8 Rxb7 35. Rxa4 Rb1 36. h4 Kf6 37. Kg4 Rb5 38. h5 Rg5+ 39. Kh4 Rg1 40. Ra5 e5 41. e4 Rh1+ 42. Kg4 Rg1+ 43. Kh3 Rh1+ 44. Kg4 Rg1+ 45. Kh4 Rh1+ 46. Kg4 Rg1+ 1/2-1/2

[Event "Wch Rapid"]
[Site "New York"]
[Date "2024.12.27"]
[Round "8"]
[White "Robson, Ray"]
[Black "Jumabayev, Rinat"]
[Result "1-0"]
[WhiteElo "2645"]
[BlackElo "2503"]
[PlyCount "76"]
[EventDate "2024.12.26"]
[EventType "swiss (rapid)"]
[EventRounds "13"]
[EventCountry "USA"]
[SourceTitle "CB01_2025"]
[SourceDate "2025.01.01"]
[SourceVersion "1"]
[SourceVersionDate "2025.01.01"]
[SourceQuality "1"]

1. d4 d5 2. c4 e6 3. Nc3 h6 4. Nf3 Nf6 5. e3 Nbd7 6. Qc2 dxc4 7. Bxc4 a6 8. a4 c5 9. 0-0 Qc7 10. b3 Bd6 11. Bb2 0-0 12. Rac1 cxd4 13. exd4 b6 14. d5 e5 15. Nh4 Re8 16. Nf5 Bb7 17. Ne4 Nxe4 18. Qxe4 Nf6 19. Qh4 Qd8 20. f4 Bc5+ 21. Kh1 Nxd5 22. Qg3 Qf6 23. fxe5 Qg5 24. Qf3 Rad8 25. Rcd1 Ne3 26. Qxb7 Nxd1 27. h4 Qg4 28. Bxf7+ Kh8 29. Bxe8 Nf2+ 30. Rxf2 Bxf2 31. Qxg7+ Qxg7 32. Nxg7 Bg3 33. Bh5 Kxg7 34. e6+ Kf8 35. Bf6 Re8 36. Bxe8 Kxe8 37. h5 b5 38. axb5 axb5 1-0

[Event "Wch Rapid"]
[Site "New York"]
[Date "2024.12.26"]
[Round "2"]
[White "Robson, Ray"]
[Black "Durarbayli, Vasif"]
[Result "1/2-1/2"]
[WhiteElo "2645"]
[BlackElo "2531"]
[PlyCount "88"]
[EventDate "2024.12.26"]
[EventType "swiss (rapid)"]
[EventRounds "13"]
[EventCountry "USA"]
[SourceTitle "CB01_2025"]
[SourceDate "2025.01.01"]
[SourceVersion "1"]
[SourceVersionDate "2025.01.01"]
[SourceQuality "1"]

1. d4 d5 2. c4 c6 3. Nf3 Nf6 4. h3 e6 5. e3 c5 6. Nc3 Nc6 7. cxd5 exd5 8. Bb5 cxd4 9. exd4 Bd6 10. 0-0 0-0 11. Re1 Qb6 12. a4 h6 13. Be3 Bf5 14. Ne5 Bh7 15. Qd2 Nb4 16. a5 Qd8 17. Rec1 a6 18. Bf1 Rc8 19. Bf4 Qe7 20. Ra4 Ne4 21. Nxe4 Bxe4 22. Bg3 Rxc1 23. Qxc1 Bf5 24. Qd2 Rc8 25. Nxf7 Bxg3 26. fxg3 Rc2 27. Qxb4 Qxf7 28. Qe1 Be4 29. Ra1 Rxb2 30. Rc1 Qf6 31. Qe3 b5 32. axb6 Qxb6 33. h4 a5 34. h5 Qf6 35. Rc8+ Kh7 36. Bd3 Qf5 37. Bxe4 Qxe4 38. Qxe4+ dxe4 39. Rc3 Rd2 40. Ra3 Rxd4 41. Rxa5 e3 42. Re5 Rg4 43. Kh2 e2 44. Rxe2 Rg5 1/2-1/2

[Event "Wch Rapid"]
[Site "New York"]
[Date "2024.12.26"]
[Round "5"]
[White "Sadhwani, Raunak"]
[Black "Robson, Ray"]
[Result "1/2-1/2"]
[WhiteElo "2591"]
[BlackElo "2645"]
[PlyCount "25"]
[EventDate "2024.12.26"]
[EventType "swiss (rapid)"]
[EventRounds "13"]
[EventCountry "USA"]
[SourceTitle "CB01_2025"]
[SourceDate "2025.01.01"]
[SourceVersion "1"]
[SourceVersionDate "2025.01.01"]
[SourceQuality "1"]

1. e4 e5 2. Nf3 Nc6 3. Bb5 Nf6 4. 0-0 Nxe4 5. Re1 Nd6 6. Nxe5 Be7 7. Bf1 Nxe5 8. Rxe5 0-0 9. d4 Bf6 10. Re1 Re8 11. Rxe8+ Nxe8 12. c3 d5 13. Bd3 1/2-1/2

[Event "Saint Louis Masters op"]
[Site "Saint Louis"]
[Date "2024.12.04"]
[Round "4"]
[White "Nyzhnyk, Illya"]
[Black "Robson, Ray"]
[Result "1/2-1/2"]
[WhiteElo "2564"]
[BlackElo "2700"]
[PlyCount "47"]
[EventDate "2024.12.03"]
[EventType "swiss"]
[EventRounds "9"]
[EventCountry "USA"]
[SourceTitle "CB50_2024"]
[SourceDate "2024.11.01"]
[SourceVersion "1"]
[SourceVersionDate "2024.11.01"]
[SourceQuality "2"]

1. c4 e5 2. Nc3 Nf6 3. Nf3 Nc6 4. d4 exd4 5. Nxd4 Bb4 6. Nxc6 dxc6 7. Qxd8+ Kxd8 8. f3 Be6 9. e4 Bxc3+ 10. bxc3 Nd7 11. Be3 Nb6 12. c5 Na4 13. 0-0-0+ Ke7 14. Kc2 b6 15. f4 f6 16. f5 Bf7 17. e5 fxe5 18. Bg5+ Ke8 19. Bd3 h6 20. Bh4 Nxc5 21. Rhe1 Nxd3 22. Rxd3 g5 23. Bg3 Rh7 24. Bxe5 1/2-1/2

[Event "Saint Louis Masters op"]
[Site "Saint Louis"]
[Date "2024.12.03"]
[Round "2"]
[White "Abrahamyan, Tatev"]
[Black "Robson, Ray"]
[Result "0-1"]
[WhiteElo "2304"]
[BlackElo "2700"]
[PlyCount "62"]
[EventDate "2024.12.03"]
[EventType "swiss"]
[EventRounds "9"]
[EventCountry "USA"]
[SourceTitle "CB50_2024"]
[SourceDate "2024.11.01"]
[SourceVersion "1"]
[SourceVersionDate "2024.11.01"]
[SourceQuality "2"]

1. e4 c5 2. Nf3 d6 3. d4 cxd4 4. Nxd4 Nf6 5. Nc3 a6 6. Be3 e5 7. Nb3 Be6 8. h3 Nc6 9. f4 exf4 10. Bxf4 d5 11. exd5 Nxd5 12. Nxd5 Bxd5 13. Qe2+ Be6 14. g3 Bb4+ 15. Bd2 Bxd2+ 16. Qxd2 Qxd2+ 17. Kxd2 0-0-0+ 18. Bd3 Ne5 19. Kc3 Nxd3 20. cxd3 Rd6 21. Rac1 Kb8 22. Rhf1 Rhd8 23. Nc5 Rc6 24. Kd2 Bxa2 25. b3 Rd5 26. Ne4 Rxc1 27. Kxc1 Bxb3 28. Rxf7 Rc5+ 29. Nxc5 Bxf7 30. Kb2 Kc7 31. Kc3 a5 0-1

[Event "Saint Louis Masters op"]
[Site "Saint Louis"]
[Date "2024.12.03"]
[Round "1"]
[White "Robson, Ray"]
[Black "Budisavljevic, Luka"]
[Result "1/2-1/2"]
[WhiteElo "2700"]
[BlackElo "2501"]
[PlyCount "100"]
[EventDate "2024.12.03"]
[EventType "swiss"]
[EventRounds "9"]
[EventCountry "USA"]
[SourceTitle "CB50_2024"]
[SourceDate "2024.11.01"]
[SourceVersion "1"]
[SourceVersionDate "2024.11.01"]
[SourceQuality "2"]

1. e4 c5 2. Nf3 e6 3. d4 cxd4 4. Nxd4 Nf6 5. Nc3 Nc6 6. a3 Be7 7. Nxc6 bxc6 8. e5 Nd5 9. Qg4 g6 10. Bd2 d6 11. exd6 Bxd6 12. h4 Be5 13. h5 Nxc3 14. Bxc3 Qf6 15. Rh3 Rb8 16. 0-0-0 Bf4+ 17. Kb1 e5 18. Qf3 Bxh3 19. Qxh3 0-0 20. g3 Bh6 21. hxg6 Qxg6 22. Bd3 e4 23. Bxe4 f5 24. Bd3 Bg7 25. Bc4+ Kh8 26. Bxg7+ Qxg7 27. Bb3 a5 28. Qh4 f4 29. Qh3 fxg3 30. fxg3 Qf6 31. Qg4 Rg8 32. Qa4 Rg5 33. Rd7 Rg7 34. Rxg7 Qxg7 35. Qxa5 Qxg3 36. Qc5 Rc8 37. a4 Qg6 38. a5 Qf6 39. c3 Re8 40. Bc4 Re5 41. Qd4 Re1+ 42. Kc2 Qxd4 43. cxd4 h5 44. a6 Ra1 45. b4 h4 46. d5 cxd5 47. Kb2 Ra4 48. Kb3 Ra1 49. Kb2 Ra4 50. Kb3 Ra1 1/2-1/2

[Event "USA-ch"]
[Site "Saint Louis"]
[Date "2024.10.22"]
[Round "10"]
[White "Robson, Ray"]
[Black "Mishra, Abhimanyu"]
[Result "1-0"]
[WhiteElo "2693"]
[BlackElo "2630"]
[PlyCount "141"]
[EventDate "2024.10.11"]
[EventType "tourn"]
[EventRounds "11"]
[EventCountry "USA"]
[EventCategory "18"]
[SourceTitle "CB43_2024"]
[Source "Chessbase"]
[SourceDate "2024.10.23"]
[SourceVersion "1"]
[SourceVersionDate "2024.10.23"]
[SourceQuality "1"]

1. e4 e5 2. Nf3 Nc6 3. Bc4 Bc5 4. c3 Nf6 5. d3 0-0 6. Nbd2 d6 7. 0-0 Bb6 8. h3 h6 9. Re1 Ne7 10. a4 a5 11. Ba2 c6 12. d4 Ng6 13. Qc2 Re8 14. Nf1 Bc7 15. Ng3 d5 16. dxe5 Nxe5 17. Nxe5 Bxe5 18. f4 Bc7 19. e5 Ne4 20. Nxe4 Bf5 21. Be3 Bxe4 22. Qf2 f6 23. Bc5 b6 24. Ba3 Kh7 25. Rad1 Qc8 26. c4 fxe5 27. cxd5 cxd5 28. Rxd5 Bxd5 29. Bxd5 Kh8 30. Bc6 Qe6 31. Qc2 Bd6 32. Bxd6 Qxd6 33. Bxa8 Rxa8 34. fxe5 Qe6 35. Re3 Re8 36. Qe4 Kg8 37. Kh2 Kh8 38. Re2 Kg8 39. Re1 Kh8 40. Re3 Kg8 41. Qd4 Kh8 42. Kg3 Kg8 43. Qg4 Qd5 44. e6 Qd6+ 45. Kf2 Qd2+ 46. Re2 Qd5 47. Kg1 Re7 48. Kh2 Qd6+ 49. g3 Qd3 50. h4 b5 51. axb5 Qxb5 52. Qe4 Qb6 53. Qf5 Qc6 54. Qxa5 Qf3 55. Qe5 Qb3 56. Qe4 h5 57. Qf5 Qc4 58. Rc2 Qa6 59. b4 Qb7 60. b5 Re8 61. Rf2 Re7 62. Qf8+ Kh7 63. Qf5+ Kg8 64. Rd2 Qa8 65. b6 Qe8 66. Qd5 Kh7 67. b7 Qb8 68. Qxh5+ Kg8 69. Rb2 Rxe6 70. Qd5 Kf7 71. Re2 1-0